| 000 | 00000nam##2200000za#4500 |
| 001 | 9.698243 |
| 003 | CaOODSP |
| 005 | 20250506145324 |
| 007 | cr ||||||||||| |
| 008 | 150407|1977||||xxc|||||o f|0| 0 eng|d |
| 040 | |aCaOODSP|beng |
| 043 | |an-cn--- |
| 086 | 1 |aA63-1610/1977E-PDF |
| 110 | 1 |aCanada.|bAgriculture Canada. |
| 245 | 10|aSheep husbandry in Atlantic Canada / |h[electronic resource]|ccontributors: F.A. Stewart, R.J. Curtis, M.M. Greening, W.G. Mathewson, R. Perrin, P.B. Stead, J.W.G. Nicholson, James Adams and L.B. Nettleton. |
| 260 | |aOttawa - Ontario : |bAgriculture Canada |c1977. |
| 300 | |a48p.|btables, photographs |
| 500 | |aHistorical publication digitized by Agriculture and Agri-Food Canada. "A federal/provincial publication-- Canada, New Brunswick, Newfoundland, Nova Scotia, Prince Edward Island"--p.3 of 48. |
| 590 | |a13-17-Supp|b2013-07-25 |
| 690 | 07|aAgri-food industry|2gcpds |
| 690 | 07|aAnimal husbandry|2gcpds |
| 690 | 07|aSheep|2gcpds |
| 775 | 08|tÉlevage du mouton dans les provinces atlantiques / |w(CaOODSP)9.641477 |
| 856 | 40|ahttp://publications.gc.ca|qPDF|s3.27 MB|uhttps://publications.gc.ca/collections/collection_2013/aac-aafc/agrhist/A63-1610-1977-eng.pdf |
| 986 | |a1610 |